Detalles MARC
| 000 -LEADER |
| campo de control de longitud fija |
06733cam a22012134i 4500 |
| 003 - IDENTIFICADOR DE NÚMERO DE CONTROL |
| campo de control |
PE-LiUPU |
| 005 - FECHA Y HORA DE LA ÚLTIMA TRANSACCIÓN |
| campo de control |
20250731165407.0 |
| 008 - DATOS DE LONGITUD FIJA--INFORMACIÓN GENERAL |
| campo de control de longitud fija |
151012s2015 pe r 000 0 spa d |
| 020 ## - NÚMERO INTERNACIONAL ESTÁNDAR DEL LIBRO |
| Número Internacional Estándar del Libro |
9786124616976 |
| Información calificativa |
(colección) |
| 020 ## - NÚMERO INTERNACIONAL ESTÁNDAR DEL LIBRO |
| Número Internacional Estándar del Libro |
9786124616983 |
| Información calificativa |
(tomo 1) |
| 020 ## - NÚMERO INTERNACIONAL ESTÁNDAR DEL LIBRO |
| Número Internacional Estándar del Libro |
9786124616990 |
| Información calificativa |
(tomo 2) |
| 020 ## - NÚMERO INTERNACIONAL ESTÁNDAR DEL LIBRO |
| Número Internacional Estándar del Libro |
9786124284007 |
| Información calificativa |
(tomo 3) |
| 020 ## - NÚMERO INTERNACIONAL ESTÁNDAR DEL LIBRO |
| Número Internacional Estándar del Libro |
9786124284014 |
| Información calificativa |
(tomo 4) |
| 020 ## - NÚMERO INTERNACIONAL ESTÁNDAR DEL LIBRO |
| Número Internacional Estándar del Libro |
9786124284021 |
| Información calificativa |
(tomo 5) |
| 020 ## - NÚMERO INTERNACIONAL ESTÁNDAR DEL LIBRO |
| Número Internacional Estándar del Libro |
9786124284038 |
| Información calificativa |
(tomo 6) |
| 020 ## - NÚMERO INTERNACIONAL ESTÁNDAR DEL LIBRO |
| Número Internacional Estándar del Libro |
9786124284045 |
| Información calificativa |
(tomo 7) |
| 020 ## - NÚMERO INTERNACIONAL ESTÁNDAR DEL LIBRO |
| Número Internacional Estándar del Libro |
9786124284052 |
| Información calificativa |
(tomo 8) |
| 020 ## - NÚMERO INTERNACIONAL ESTÁNDAR DEL LIBRO |
| Número Internacional Estándar del Libro |
9786124284069 |
| Información calificativa |
(tomo 9) |
| 020 ## - NÚMERO INTERNACIONAL ESTÁNDAR DEL LIBRO |
| Número Internacional Estándar del Libro |
9786124284076 |
| Información calificativa |
(tomo 10) |
| 020 ## - NÚMERO INTERNACIONAL ESTÁNDAR DEL LIBRO |
| Número Internacional Estándar del Libro |
9786124284083 |
| Información calificativa |
(tomo 11) |
| 020 ## - NÚMERO INTERNACIONAL ESTÁNDAR DEL LIBRO |
| Número Internacional Estándar del Libro |
9786124284090 |
| Información calificativa |
(tomo 12) |
| 020 ## - NÚMERO INTERNACIONAL ESTÁNDAR DEL LIBRO |
| Número Internacional Estándar del Libro |
6124616971 |
| Información calificativa |
(colección) |
| 020 ## - NÚMERO INTERNACIONAL ESTÁNDAR DEL LIBRO |
| Número Internacional Estándar del Libro |
612461698X |
| Información calificativa |
(tomo 1) |
| 020 ## - NÚMERO INTERNACIONAL ESTÁNDAR DEL LIBRO |
| Número Internacional Estándar del Libro |
6124616998 |
| Información calificativa |
(tomo 2) |
| 020 ## - NÚMERO INTERNACIONAL ESTÁNDAR DEL LIBRO |
| Número Internacional Estándar del Libro |
6124284006 |
| Información calificativa |
(tomo 3) |
| 020 ## - NÚMERO INTERNACIONAL ESTÁNDAR DEL LIBRO |
| Número Internacional Estándar del Libro |
6124284014 |
| Información calificativa |
(tomo 4) |
| 020 ## - NÚMERO INTERNACIONAL ESTÁNDAR DEL LIBRO |
| Número Internacional Estándar del Libro |
6124284022 |
| Información calificativa |
(tomo 5) |
| 020 ## - NÚMERO INTERNACIONAL ESTÁNDAR DEL LIBRO |
| Número Internacional Estándar del Libro |
6124284030 |
| Información calificativa |
(tomo 6) |
| 020 ## - NÚMERO INTERNACIONAL ESTÁNDAR DEL LIBRO |
| Número Internacional Estándar del Libro |
6124284049 |
| Información calificativa |
(tomo 7) |
| 020 ## - NÚMERO INTERNACIONAL ESTÁNDAR DEL LIBRO |
| Número Internacional Estándar del Libro |
6124284057 |
| Información calificativa |
(tomo 8) |
| 020 ## - NÚMERO INTERNACIONAL ESTÁNDAR DEL LIBRO |
| Número Internacional Estándar del Libro |
6124284065 |
| Información calificativa |
(tomo 9) |
| 020 ## - NÚMERO INTERNACIONAL ESTÁNDAR DEL LIBRO |
| Número Internacional Estándar del Libro |
6124284073 |
| Información calificativa |
(tomo 10) |
| 020 ## - NÚMERO INTERNACIONAL ESTÁNDAR DEL LIBRO |
| Número Internacional Estándar del Libro |
6124284081 |
| Información calificativa |
(tomo 11) |
| 020 ## - NÚMERO INTERNACIONAL ESTÁNDAR DEL LIBRO |
| Número Internacional Estándar del Libro |
612428409X |
| Información calificativa |
(tomo 12) |
| 035 ## - NÚMERO DE CONTROL DEL SISTEMA |
| Número de control de sistema |
(Sirsi) i9786124616976 |
| 040 ## - FUENTE DE CATALOGACIÓN |
| Centro catalogador/agencia de origen |
PE-LiUPU |
| Lengua de catalogación |
spa |
| Centro/agencia transcriptor |
PE-LiUPU |
| Normas de descripción |
rda |
| 049 ## - FONDOS LOCALES (OCLC) |
| Biblioteca depositaria |
PRUA |
| 082 04 - NÚMERO DE LA CLASIFICACIÓN DECIMAL DEWEY |
| Número de clasificación |
463d |
| Cutter |
R31 |
| Número de edición |
21 |
| 100 2# - ENTRADA PRINCIPAL--NOMBRE DE PERSONA |
| Nombre de persona |
Real Academia Española, |
| Término indicativo de función/relación |
autor. |
| 245 10 - MENCIÓN DEL TÍTULO |
| Título |
Diccionario de la lengua española / |
| Mención de responsabilidad, etc. |
Real Academia Española. |
| 250 ## - MENCION DE EDICION |
| Mención de edición |
Vigesimotercera edición. |
| 264 #1 - PRODUCCIÓN, PUBLICACIÓN, DISTRIBUCIÓN, FABRICACIÓN Y COPYRIGHT |
| Producción, publicación, distribución, fabricación y copyright |
Lima : |
| Nombre del de productor, editor, distribuidor, fabricante |
Espasa, |
| Fecha de producción, publicación, distribución, fabricación o copyright |
2015. |
| 300 ## - DESCRIPCIÓN FÍSICA |
| Extensión |
12 tomos ; |
| Dimensiones |
30 cm |
| 336 ## - TIPO DE CONTENIDO |
| Término de tipo de contenido |
text |
| Fuente |
rdacontent |
| 337 ## - TIPO DE MEDIO |
| Nombre/término del tipo de medio |
unmediated |
| Fuente |
rdamedia |
| 338 ## - TIPO DE SOPORTE |
| Nombre/término del tipo de soporte |
volume |
| Fuente |
rdacarrier |
| 500 ## - NOTA GENERAL |
| Nota general |
"Edición del Tricentenario" |
| 505 0# - NOTA DE CONTENIDO CON FORMATO |
| Información miscelánea |
Tomo 1. |
| Nota de contenido con formato |
A-anglicismo. |
| 505 0# - NOTA DE CONTENIDO CON FORMATO |
| Información miscelánea |
Tomo 2. |
| Nota de contenido con formato |
Anglicista-bretón. |
| 505 0# - NOTA DE CONTENIDO CON FORMATO |
| Información miscelánea |
Tomo 3. |
| Nota de contenido con formato |
Bretoniano-cipotada1. |
| 505 0# - NOTA DE CONTENIDO CON FORMATO |
| Información miscelánea |
Tomo 4. |
| Nota de contenido con formato |
Cipotada2-desalhajar. |
| 505 0# - NOTA DE CONTENIDO CON FORMATO |
| Información miscelánea |
Tomo 5. |
| Nota de contenido con formato |
Desaliento-escomar. |
| 505 0# - NOTA DE CONTENIDO CON FORMATO |
| Información miscelánea |
Tomo 6. |
| Nota de contenido con formato |
Escombra-Grupeto. |
| 505 0# - NOTA DE CONTENIDO CON FORMATO |
| Información miscelánea |
Tomo 7. |
| Nota de contenido con formato |
Grupí-lenzal. |
| 505 0# - NOTA DE CONTENIDO CON FORMATO |
| Información miscelánea |
Tomo 8. |
| Nota de contenido con formato |
Lenzuelo-nanquín. |
| 505 0# - NOTA DE CONTENIDO CON FORMATO |
| Información miscelánea |
Tomo 9. |
| Nota de contenido con formato |
Nansa-pingajo. |
| 505 0# - NOTA DE CONTENIDO CON FORMATO |
| Información miscelánea |
Tomo 10. |
| Nota de contenido con formato |
Pingajoso-resucitación. |
| 505 0# - NOTA DE CONTENIDO CON FORMATO |
| Información miscelánea |
Tomo 11. |
| Nota de contenido con formato |
Resucitado-terral. |
| 505 0# - NOTA DE CONTENIDO CON FORMATO |
| Información miscelánea |
Tomo 12. |
| Nota de contenido con formato |
Terramicina-zuzón. |
| 526 ## - NOTA DE INFORMACIÓN SOBRE EL PROGRAMA DE ESTUDIO |
| Nombre del programa |
Segunda Especialidad En Estadística Aplicada Para Investigación (A Distancia) |
| 526 ## - NOTA DE INFORMACIÓN SOBRE EL PROGRAMA DE ESTUDIO |
| Nombre del programa |
Segunda Especialidad En Estadística Aplicada Para Investigación |
| 526 ## - NOTA DE INFORMACIÓN SOBRE EL PROGRAMA DE ESTUDIO |
| Nombre del programa |
Ingeniería De Ciberseguridad |
| 526 ## - NOTA DE INFORMACIÓN SOBRE EL PROGRAMA DE ESTUDIO |
| Nombre del programa |
Ingeniería De Ciencia De Datos E Inteligencia Artificial |
| 526 ## - NOTA DE INFORMACIÓN SOBRE EL PROGRAMA DE ESTUDIO |
| Nombre del programa |
Ingeniería De Software |
| 526 ## - NOTA DE INFORMACIÓN SOBRE EL PROGRAMA DE ESTUDIO |
| Nombre del programa |
|
| 526 ## - NOTA DE INFORMACIÓN SOBRE EL PROGRAMA DE ESTUDIO |
| Nombre del programa |
Comunicación Y Periodismo |
| 526 ## - NOTA DE INFORMACIÓN SOBRE EL PROGRAMA DE ESTUDIO |
| Nombre del programa |
Maestría En Ingeniería De Sistemas Con Mención En Dirección Y Gestión De Tecnologías De Información (Semipresencial) |
| 526 ## - NOTA DE INFORMACIÓN SOBRE EL PROGRAMA DE ESTUDIO |
| Nombre del programa |
Maestría En Ingeniería De Sistemas Con Mención En Dirección Y Gestión De Tecnologías De Información (A Distancia) |
| 526 ## - NOTA DE INFORMACIÓN SOBRE EL PROGRAMA DE ESTUDIO |
| Nombre del programa |
Doctorado en ingeniería de sistemas |
| 526 ## - NOTA DE INFORMACIÓN SOBRE EL PROGRAMA DE ESTUDIO |
| Nombre del programa |
Maestría en ingeniería de sistemas con mención en Ingeniería de software |
| 526 ## - NOTA DE INFORMACIÓN SOBRE EL PROGRAMA DE ESTUDIO |
| Nombre del programa |
Maestría en ingeniería de sistemas con mención en Dirección y gestión de tecnologías de información |
| 526 ## - NOTA DE INFORMACIÓN SOBRE EL PROGRAMA DE ESTUDIO |
| Nombre del programa |
Ingeniería de sistemas |
| 526 ## - NOTA DE INFORMACIÓN SOBRE EL PROGRAMA DE ESTUDIO |
| Nombre del programa |
Educación secundaria, especialidad matemática e informática |
| 596 ## - |
| -- |
1 |
| 650 #0 - PUNTO DE ACCESO ADICIONAL DE MATERIA--TÉRMINO DE MATERIA |
| Término de materia o nombre geográfico como elemento de entrada |
Lengua española |
| Subdivisión de forma |
Diccionarios. |
| 910 ## - DATOS DE OPCIÓN DEL USUARIO (OCLC) |
| Datos de opción del usuario |
jck |
| -- |
jck |
| -- |
jck |
| -- |
20151012 |
| 942 ## - ELEMENTOS DE ENTRADA SECUNDARIOS (KOHA) |
| Fuente del sistema de clasificación o colocación |
Clasificación Decimal Dewey |
| Tipo de ítem Koha |
|
| 949 ## - PROCESAMIENTO DE INFORMACIÓN LOCAL (OCLC) |
| a |
RC 463d R31 2015 1 |
| w |
DEWEY |
| c |
1 |
| i |
71997 |
| l |
RC |
| m |
BUL |
| p |
7.86 |
| r |
0 |
| s |
Y |
| t |
BOOK |
| u |
2015-10-12 |
| x |
BIBLIOTECA |
| z |
UNKNOWN |
| 0 |
COMPRA |
| o |
.STAFF. Referencia y consulta |
| 949 ## - PROCESAMIENTO DE INFORMACIÓN LOCAL (OCLC) |
| a |
RC 463d R31 2015 2 |
| w |
DEWEY |
| c |
1 |
| i |
71998 |
| l |
RC |
| m |
BUL |
| p |
7.86 |
| r |
0 |
| s |
Y |
| t |
BOOK |
| u |
2015-10-12 |
| x |
BIBLIOTECA |
| z |
UNKNOWN |
| 0 |
COMPRA |
| o |
.STAFF. Referencia y consulta |
| 949 ## - PROCESAMIENTO DE INFORMACIÓN LOCAL (OCLC) |
| a |
RC 463d R31 2015 3 |
| w |
DEWEY |
| c |
1 |
| i |
71999 |
| l |
RC |
| m |
BUL |
| p |
7.86 |
| r |
0 |
| s |
Y |
| t |
BOOK |
| u |
2015-10-12 |
| x |
BIBLIOTECA |
| z |
UNKNOWN |
| 0 |
COMPRA |
| o |
.STAFF. Referencia y consulta |
| 949 ## - PROCESAMIENTO DE INFORMACIÓN LOCAL (OCLC) |
| a |
RC 463d R31 2015 4 |
| w |
DEWEY |
| c |
1 |
| i |
72000 |
| l |
RC |
| m |
BUL |
| p |
7.86 |
| r |
0 |
| s |
Y |
| t |
BOOK |
| u |
2015-10-12 |
| x |
BIBLIOTECA |
| z |
UNKNOWN |
| 0 |
COMPRA |
| o |
.STAFF. Referencia y consulta |
| 949 ## - PROCESAMIENTO DE INFORMACIÓN LOCAL (OCLC) |
| a |
RC 463d R31 2015 5 |
| w |
DEWEY |
| c |
1 |
| i |
72001 |
| l |
RC |
| m |
BUL |
| p |
7.86 |
| r |
0 |
| s |
Y |
| t |
BOOK |
| u |
2015-10-12 |
| x |
BIBLIOTECA |
| z |
UNKNOWN |
| 0 |
COMPRA |
| o |
.STAFF. Referencia y consulta |
| 949 ## - PROCESAMIENTO DE INFORMACIÓN LOCAL (OCLC) |
| a |
RC 463d R31 2015 6 |
| w |
DEWEY |
| c |
1 |
| i |
72002 |
| l |
RC |
| m |
BUL |
| p |
7.86 |
| r |
0 |
| s |
Y |
| t |
BOOK |
| u |
2015-10-12 |
| x |
BIBLIOTECA |
| z |
UNKNOWN |
| 0 |
COMPRA |
| o |
.STAFF. Referencia y consulta |
| 949 ## - PROCESAMIENTO DE INFORMACIÓN LOCAL (OCLC) |
| a |
RC 463d R31 2015 7 |
| w |
DEWEY |
| c |
1 |
| i |
72003 |
| l |
RC |
| m |
BUL |
| p |
7.86 |
| r |
0 |
| s |
Y |
| t |
BOOK |
| u |
2015-10-12 |
| x |
BIBLIOTECA |
| z |
UNKNOWN |
| 0 |
COMPRA |
| o |
.STAFF. Referencia y consulta |
| 949 ## - PROCESAMIENTO DE INFORMACIÓN LOCAL (OCLC) |
| a |
RC 463d R31 2015 8 |
| w |
DEWEY |
| c |
1 |
| i |
72004 |
| l |
RC |
| m |
BUL |
| p |
7.86 |
| r |
0 |
| s |
Y |
| t |
BOOK |
| u |
2015-10-12 |
| x |
BIBLIOTECA |
| z |
UNKNOWN |
| 0 |
COMPRA |
| o |
.STAFF. Referencia y consulta |
| 949 ## - PROCESAMIENTO DE INFORMACIÓN LOCAL (OCLC) |
| a |
RC 463d R31 2015 9 |
| w |
DEWEY |
| c |
1 |
| i |
72005 |
| l |
RC |
| m |
BUL |
| p |
7.86 |
| r |
0 |
| s |
Y |
| t |
BOOK |
| u |
2015-10-12 |
| x |
BIBLIOTECA |
| z |
UNKNOWN |
| 0 |
COMPRA |
| o |
.STAFF. Referencia y consulta |
| 949 ## - PROCESAMIENTO DE INFORMACIÓN LOCAL (OCLC) |
| a |
RC 463d R31 2015 10 |
| w |
DEWEY |
| c |
1 |
| i |
72006 |
| l |
RC |
| m |
BUL |
| p |
7.86 |
| r |
0 |
| s |
Y |
| t |
BOOK |
| u |
2015-10-12 |
| x |
BIBLIOTECA |
| z |
UNKNOWN |
| 0 |
COMPRA |
| o |
.STAFF. Referencia y consulta |
| 949 ## - PROCESAMIENTO DE INFORMACIÓN LOCAL (OCLC) |
| a |
RC 463d R31 2015 11 |
| w |
DEWEY |
| c |
1 |
| i |
72007 |
| l |
RC |
| m |
BUL |
| p |
7.86 |
| r |
0 |
| s |
Y |
| t |
BOOK |
| u |
2015-10-12 |
| x |
BIBLIOTECA |
| z |
UNKNOWN |
| 0 |
COMPRA |
| o |
.STAFF. Referencia y consulta |
| 949 ## - PROCESAMIENTO DE INFORMACIÓN LOCAL (OCLC) |
| a |
RC 463d R31 2015 12 |
| w |
DEWEY |
| c |
1 |
| i |
72008 |
| l |
RC |
| m |
BUL |
| p |
7.86 |
| r |
0 |
| s |
Y |
| t |
BOOK |
| u |
2015-10-12 |
| x |
BIBLIOTECA |
| z |
UNKNOWN |
| 0 |
COMPRA |
| o |
.STAFF. Referencia y consulta |
| 994 ## - |
| -- |
C0 |
| -- |
PEPRU |
| 999 ## - NÚMEROS DE CONTROL DE SISTEMA (KOHA) |
| -- |
DEWEY |
| -- |
71997 |
| -- |
2021-11-9 |
| -- |
5 |
| -- |
CCODEBUL1 |
| -- |
BUL |
| -- |
7.86 |
| -- |
1 |
| -- |
Y |
| -- |
BOOK |
| -- |
2015-10-12 |
| -- |
EDUCACION |
| -- |
UNKNOWN |
| -- |
COMPRA |
| -- |
.STAFF. Referencia y consulta |
| 999 ## - NÚMEROS DE CONTROL DE SISTEMA (KOHA) |
| -- |
DEWEY |
| -- |
71998 |
| -- |
2021-11-9 |
| -- |
5 |
| -- |
CCODEBUL1 |
| -- |
BUL |
| -- |
7.86 |
| -- |
1 |
| -- |
Y |
| -- |
BOOK |
| -- |
2015-10-12 |
| -- |
EDUCACION |
| -- |
UNKNOWN |
| -- |
COMPRA |
| -- |
.STAFF. Referencia y consulta |
| 999 ## - NÚMEROS DE CONTROL DE SISTEMA (KOHA) |
| -- |
DEWEY |
| -- |
71999 |
| -- |
2021-11-9 |
| -- |
5 |
| -- |
CCODEBUL1 |
| -- |
BUL |
| -- |
7.86 |
| -- |
1 |
| -- |
Y |
| -- |
BOOK |
| -- |
2015-10-12 |
| -- |
EDUCACION |
| -- |
UNKNOWN |
| -- |
COMPRA |
| -- |
.STAFF. Referencia y consulta |
| 999 ## - NÚMEROS DE CONTROL DE SISTEMA (KOHA) |
| -- |
DEWEY |
| -- |
72000 |
| -- |
2021-11-9 |
| -- |
5 |
| -- |
CCODEBUL1 |
| -- |
BUL |
| -- |
7.86 |
| -- |
1 |
| -- |
Y |
| -- |
BOOK |
| -- |
2015-10-12 |
| -- |
EDUCACION |
| -- |
UNKNOWN |
| -- |
COMPRA |
| -- |
.STAFF. Referencia y consulta |
| 999 ## - NÚMEROS DE CONTROL DE SISTEMA (KOHA) |
| -- |
DEWEY |
| -- |
72001 |
| -- |
2021-11-9 |
| -- |
5 |
| -- |
CCODEBUL1 |
| -- |
BUL |
| -- |
7.86 |
| -- |
1 |
| -- |
Y |
| -- |
BOOK |
| -- |
2015-10-12 |
| -- |
EDUCACION |
| -- |
UNKNOWN |
| -- |
COMPRA |
| -- |
.STAFF. Referencia y consulta |
| 999 ## - NÚMEROS DE CONTROL DE SISTEMA (KOHA) |
| -- |
DEWEY |
| -- |
72002 |
| -- |
2021-11-9 |
| -- |
5 |
| -- |
CCODEBUL1 |
| -- |
BUL |
| -- |
7.86 |
| -- |
1 |
| -- |
Y |
| -- |
BOOK |
| -- |
2015-10-12 |
| -- |
EDUCACION |
| -- |
UNKNOWN |
| -- |
COMPRA |
| -- |
.STAFF. Referencia y consulta |
| 999 ## - NÚMEROS DE CONTROL DE SISTEMA (KOHA) |
| -- |
DEWEY |
| -- |
72003 |
| -- |
2021-11-9 |
| -- |
5 |
| -- |
CCODEBUL1 |
| -- |
BUL |
| -- |
7.86 |
| -- |
1 |
| -- |
Y |
| -- |
BOOK |
| -- |
2015-10-12 |
| -- |
EDUCACION |
| -- |
UNKNOWN |
| -- |
COMPRA |
| -- |
.STAFF. Referencia y consulta |
| 999 ## - NÚMEROS DE CONTROL DE SISTEMA (KOHA) |
| -- |
DEWEY |
| -- |
72004 |
| -- |
2021-11-9 |
| -- |
5 |
| -- |
CCODEBUL1 |
| -- |
BUL |
| -- |
7.86 |
| -- |
1 |
| -- |
Y |
| -- |
BOOK |
| -- |
2015-10-12 |
| -- |
EDUCACION |
| -- |
UNKNOWN |
| -- |
COMPRA |
| -- |
.STAFF. Referencia y consulta |
| 999 ## - NÚMEROS DE CONTROL DE SISTEMA (KOHA) |
| -- |
DEWEY |
| -- |
72005 |
| -- |
2021-11-9 |
| -- |
5 |
| -- |
CCODEBUL1 |
| -- |
BUL |
| -- |
7.86 |
| -- |
1 |
| -- |
Y |
| -- |
BOOK |
| -- |
2015-10-12 |
| -- |
EDUCACION |
| -- |
UNKNOWN |
| -- |
COMPRA |
| -- |
.STAFF. Referencia y consulta |
| 999 ## - NÚMEROS DE CONTROL DE SISTEMA (KOHA) |
| -- |
DEWEY |
| -- |
72006 |
| -- |
2021-11-9 |
| -- |
5 |
| -- |
CCODEBUL1 |
| -- |
BUL |
| -- |
7.86 |
| -- |
1 |
| -- |
Y |
| -- |
BOOK |
| -- |
2015-10-12 |
| -- |
EDUCACION |
| -- |
UNKNOWN |
| -- |
COMPRA |
| -- |
.STAFF. Referencia y consulta |
| 999 ## - NÚMEROS DE CONTROL DE SISTEMA (KOHA) |
| -- |
DEWEY |
| -- |
72007 |
| -- |
2021-11-9 |
| -- |
5 |
| -- |
CCODEBUL1 |
| -- |
BUL |
| -- |
7.86 |
| -- |
1 |
| -- |
Y |
| -- |
BOOK |
| -- |
2015-10-12 |
| -- |
EDUCACION |
| -- |
UNKNOWN |
| -- |
COMPRA |
| -- |
.STAFF. Referencia y consulta |
| 999 ## - NÚMEROS DE CONTROL DE SISTEMA (KOHA) |
| -- |
DEWEY |
| -- |
72008 |
| -- |
2021-11-9 |
| -- |
5 |
| -- |
CCODEBUL1 |
| -- |
BUL |
| -- |
7.86 |
| -- |
1 |
| -- |
Y |
| -- |
BOOK |
| -- |
2015-10-12 |
| -- |
EDUCACION |
| -- |
UNKNOWN |
| -- |
COMPRA |
| -- |
.STAFF. Referencia y consulta |
| 980 ## - EQUIVALENCIA O REFERENCIA-CRUZADA-MENCIÓN DE SERIE--NOMBRE DE PERSONA/TÍTULO [LOCAL, CANADÁ] |
| ID del último usuario que modificó el registro |
1 |
| Nombre del último usuario que modificó el registro |
ALBERTO SANCHEZ Responsable de Automatización |